000 00857nam a22002777a 4500
001 BR7503190
003 BR-BrBNA
005 20230928084804.0
007 ta
008 230509b bl.||||| |||| 00| 0 por d
040 _aBR-BrBNA
_bpor
_cBiblioteca Nacional de Agricultura
041 _a(Por)
072 _aE30; F00; L00
_b/G514
090 _ E30 BR7503190
100 1 _aPessoa, J.V.
110 1 _aSecretaria da Agricultura e Abastecimento, Fortaleza, CE (Brasil)
_98296
245 1 _aA agricultura cearense e o seu desenvolvimento [Projeto agricola, organizacao agraria, abastecimento, Ceara, Brasil]
260 3 _aFortaleza, CE (Brasil):
_c1975.
300 _a27 p.
650 _aDESENVOLVIMENTO AGRICOLA
650 _aABASTECIMENTO
650 _aPROJETO AGRICOLA
650 _aCEARA
909 _a202309
_bLucia
_c55
_dLucia Elande
942 _cBK
999 _c21111
_d21111